000 00748nam a22002297a 4500
005 20170124110206.0
010 _aB-226775
020 _c450.00
_a8180690431
035 _aB-226775
037 _bCen Lib/Ret
040 _aDPL
_bEN
082 _a070.43
_bGUP
100 _aGupta, V.S.
_937454
245 _aHandbook of reporting and communication skills /
_cby V.S. Gupta
260 _aNew Delhi
_bConcept Publishing House
_c2003
270 _aA-15/16, Commercial Block Mohan Garden
_bNew Delhi
_e110059
300 _axxv,220p.
_c22cm(Hb)
500 _aIncludes glossary, bibliographical reference and index
650 _aReporters and reporting
_931175
650 _aCommunication
_99469
942 _2ddc
_cEN
_h070.43
_mGUP
999 _c133281
_d133281